[Event "AUT-chT2M 2324"]
[Site "Austria"]
[Date "2023.11.03"]
[Round "1.4"]
[White "Wagner, Stephan"]
[Black "Wendl, Philipp"]
[Result "1/2-1/2"]
[WhiteElo "2260"]
[BlackElo "2164"]
[PlyCount "62"]
[EventDate "2023.11.03"]
[EventType "team-tourn"]
[EventRounds "11"]
[EventCountry "AUT"]
[SourceTitle "CB46_2023"]
[SourceDate "2023.11.15"]
[SourceVersion "1"]
[SourceVersionDate "2023.11.15"]
[SourceQuality "1"]
[WhiteTeam "Graz Styria"]
[BlackTeam "Graz Schachfreunde"]
[WhiteTeamCountry "AUT"]
[BlackTeamCountry "AUT"]

1. c4 e5 2. Nc3 Nf6 3. g3 d5 4. cxd5 Nxd5 5. Bg2 Nb6 6. Nf3 Nc6 7. 0-0 Be7 8. a3 0-0 9. d3 Be6 10. Be3 Nd5 11. Bd2 h6 12. b4 a6 13. Qc2 f5 14. Nxd5 Bxd5 15. Bc3 Bf6 16. e4 Be6 17. Qb2 Qd6 18. Rfe1 fxe4 19. Rxe4 Bd5 20. Re3 Rad8 21. Rae1 Rf7 22. Bh3 Rdf8 23. Nxe5 Nxe5 24. Bxe5 Bxe5 25. Qxe5 Rxf2 26. Qxd6 cxd6 27. R1e2 R2f6 28. Rc2 g5 29. Bg2 Bxg2 30. Kxg2 R8f7 31. Ra2 Kg7 1/2-1/2

[Event "St Veit op 42nd"]
[Site "St Veit"]
[Date "2023.07.11"]
[Round "5"]
[White "Wendl, Philipp"]
[Black "Miazhynski, Michael"]
[Result "1/2-1/2"]
[WhiteElo "2178"]
[BlackElo "2142"]
[PlyCount "153"]
[EventDate "2023.07.08"]
[EventType "swiss"]
[EventRounds "9"]
[EventCountry "AUT"]
[SourceTitle "CBM 215 Extra"]
[Source "ChessBase"]
[SourceDate "2023.09.30"]
[SourceVersion "1"]
[SourceVersionDate "2023.09.30"]
[SourceQuality "1"]

1. c4 e5 2. Nc3 Nf6 3. g3 c6 4. d4 d6 5. Bg2 Be7 6. e4 0-0 7. Nf3 Nbd7 8. 0-0 Qe8 9. Re1 Bd8 10. h3 Qe7 11. b3 Ba5 12. Bb2 Re8 13. a3 Bc7 14. Qc2 Nf8 15. Rad1 a6 16. b4 b5 17. c5 dxc5 18. dxc5 a5 19. Nd5 cxd5 20. exd5 e4 21. d6 Bxd6 22. cxd6 Qd7 23. Ng5 h6 24. Nxe4 Nxe4 25. Bxe4 Bb7 26. Bxb7 Qxb7 27. Rxe8 Rxe8 28. bxa5 Qf3 29. Rf1 Ne6 30. Qc3 Qb7 31. Re1 Rc8 32. Qe5 Rc5 33. Qe4 Qxe4 34. Rxe4 Rd5 35. Be5 Nc5 36. Rd4 Rxe5 37. d7 Nxd7 38. Rxd7 Re4 39. Rb7 Ra4 40. Rxb5 Rxa3 41. Kg2 g6 42. h4 h5 43. Rb8+ Kg7 44. Ra8 Kf6 45. a6 Kf5 46. a7 Kf6 47. Kf1 Ra2 48. Ke1 Kf5 49. f3 Kf6 50. Kd1 Kf5 51. Kc1 Kf6 52. Kb1 Ra4 53. Kb2 Kf5 54. Kb3 Ra1 55. Kb4 Ra2 56. Kb5 Ra1 57. Kb6 Rb1+ 58. Kc7 Ra1 59. Kd7 Kf6 60. Ke8 Kg7 61. Ke7 Re1+ 62. Kd6 Rd1+ 63. Ke5 Re1+ 64. Kf4 Ra1 65. g4 Ra4+ 66. Ke5 Ra5+ 67. Kd6 Kf6 68. g5+ Kg7 69. f4 Ra1 70. f5 gxf5 71. Ke5 Ra5+ 72. Kf4 Kh7 73. Re8 Rxa7 74. Kxf5 Kg7 75. Re4 Ra5+ 76. Kf4 Ra6 77. Rb4 1/2-1/2

[Event "St Veit op 42nd"]
[Site "St Veit"]
[Date "2023.07.10"]
[Round "4"]
[White "Vanduyfhuys, Igor"]
[Black "Wendl, Philipp"]
[Result "1/2-1/2"]
[WhiteElo "1894"]
[BlackElo "2178"]
[PlyCount "58"]
[EventDate "2023.07.08"]
[EventType "swiss"]
[EventRounds "9"]
[EventCountry "AUT"]
[SourceTitle "CBM 215 Extra"]
[Source "ChessBase"]
[SourceDate "2023.09.30"]
[SourceVersion "1"]
[SourceVersionDate "2023.09.30"]
[SourceQuality "1"]

1. e4 c5 2. Nf3 Nc6 3. d4 cxd4 4. Nxd4 Nf6 5. Nc3 d6 6. Be2 e5 7. Nb3 Be7 8. 0-0 0-0 9. Kh1 Be6 10. f4 exf4 11. Bxf4 d5 12. exd5 Nxd5 13. Nxd5 Bxd5 14. c3 Bf6 15. Bd3 Re8 16. Qc2 g6 17. Rad1 Rc8 18. Qf2 Bh4 19. Bg3 Bxg3 20. Qxg3 Qc7 21. Qxc7 Rxc7 22. Bb5 Re5 23. Bd3 Rce7 24. Kg1 Be4 25. Bxe4 Rxe4 26. Rf2 Re1+ 27. Rxe1 Rxe1+ 28. Rf1 Re2 29. Rf2 Re1+ 1/2-1/2

[Event "St Veit op 42nd"]
[Site "St Veit"]
[Date "2023.07.09"]
[Round "3"]
[White "Wendl, Philipp"]
[Black "Sucher, Johannes"]
[Result "1-0"]
[WhiteElo "2178"]
[BlackElo "2062"]
[PlyCount "47"]
[EventDate "2023.07.08"]
[EventType "swiss"]
[EventRounds "9"]
[EventCountry "AUT"]
[SourceTitle "CBM 215 Extra"]
[Source "ChessBase"]
[SourceDate "2023.09.30"]
[SourceVersion "1"]
[SourceVersionDate "2023.09.30"]
[SourceQuality "1"]

1. e4 d5 2. exd5 Nf6 3. d4 Bg4 4. f3 Bf5 5. g4 Bg6 6. c4 e6 7. Nc3 c5 8. Be3 Nbd7 9. h4 h6 10. h5 Bh7 11. dxe6 fxe6 12. Nge2 Qb6 13. Qb3 cxd4 14. Qxb6 Nxb6 15. Nxd4 0-0-0 16. Ndb5 Nfd7 17. 0-0-0 Kb8 18. Bf4+ e5 19. Bxe5+ Nxe5 20. Rxd8+ Nc8 21. Nd6 Bxd6 22. Rxh8 Nd3+ 23. Bxd3 Bxd3 24. b3 1-0

[Event "AUT-ch U16"]
[Site "St Veit"]
[Date "2023.04.04"]
[Round "5"]
[White "Borrmann, Laurenz"]
[Black "Wendl, Philipp"]
[Result "0-1"]
[WhiteElo "2331"]
[BlackElo "2064"]
[PlyCount "110"]
[EventDate "2023.04.02"]
[EventType "swiss"]
[EventRounds "7"]
[EventCountry "AUT"]
[SourceTitle "EXT 2024"]
[Source "ChessBase"]
[SourceDate "2023.10.10"]
[SourceVersion "1"]
[SourceVersionDate "2023.10.10"]
[SourceQuality "1"]

1. d4 Nf6 2. c4 e6 3. Nf3 d5 4. g3 Be7 5. Bg2 0-0 6. b3 c5 7. cxd5 Nxd5 8. Bb2 Nc6 9. 0-0 b6 10. e4 Nf6 11. d5 exd5 12. exd5 Nb4 13. Ne5 Bd6 14. Nc6 Nxc6 15. dxc6 Ba6 16. Re1 Rc8 17. Nd2 Bb8 18. Nc4 Bb5 19. Qxd8 Rfxd8 20. Rad1 Kf8 21. a4 Bxc4 22. bxc4 Bd6 23. Re2 Bc7 24. Rde1 Re8 25. Bh3 Rxe2 26. Rxe2 Rd8 27. Bf5 h6 28. Bc3 Ne8 29. Bd7 f6 30. Bd2 Kf7 31. h4 Nd6 32. h5 Ne8 33. Kg2 Bd6 34. a5 Nc7 35. axb6 axb6 36. Be3 Ra8 37. Rd2 Be5 38. Bf5 Ne8 39. Rd7+ Kf8 40. Rb7 Nd6 41. Be6 Nxb7 42. cxb7 Rb8 43. Bc8 Ke7 44. Kf3 f5 45. g4 fxg4+ 46. Kxg4 Kd8 47. Kf5 Bb2 48. Kg6 Rxc8 49. bxc8Q+ Kxc8 50. f4 Bd4 51. Bd2 b5 52. cxb5 Kb7 53. Ba5 c4 54. Kf5 c3 55. Bb4 Kb6 0-1

[Event "AUT-ch U16"]
[Site "St Veit"]
[Date "2023.04.03"]
[Round "3"]
[White "Radnaev, Nomin"]
[Black "Wendl, Philipp"]
[Result "0-1"]
[WhiteElo "1949"]
[BlackElo "2064"]
[PlyCount "64"]
[EventDate "2023.04.02"]
[EventType "swiss"]
[EventRounds "7"]
[EventCountry "AUT"]
[SourceTitle "EXT 2024"]
[Source "ChessBase"]
[SourceDate "2023.10.10"]
[SourceVersion "1"]
[SourceVersionDate "2023.10.10"]
[SourceQuality "1"]

1. d4 d5 2. c4 e6 3. Nc3 c5 4. cxd5 exd5 5. Nf3 Nf6 6. g3 Nc6 7. Bg2 cxd4 8. Nxd4 Bc5 9. Be3 Qb6 10. 0-0 Bxd4 11. Na4 Bxe3 12. Nxb6 Bxb6 13. Bxd5 Nxd5 14. Qxd5 0-0 15. Rfd1 Be6 16. Qe4 Rfe8 17. Qf4 Rac8 18. h4 Bc7 19. Qf3 Be5 20. Rd2 Bf6 21. Rad1 Rc7 22. Qf4 Rce7 23. h5 h6 24. Qa4 a6 25. Kg2 Bf5 26. Qc4 Re4 27. Qd5 Bg4 28. f3 Rxe2+ 29. Rxe2 Rxe2+ 30. Kf1 Re5 31. Qb3 Rb5 32. Qxb5 Bh3+ 0-1

[Event "AUT-chT2M 2223"]
[Site "Austria"]
[Date "2023.03.04"]
[Round "8.1"]
[White "Wendl, Philipp"]
[Black "Manhardt, Thomas"]
[Result "1-0"]
[WhiteElo "2122"]
[BlackElo "2236"]
[PlyCount "57"]
[EventDate "2022.09.30"]
[EventType "team-tourn"]
[EventRounds "11"]
[EventCountry "AUT"]
[SourceTitle "CBM 213 Extra"]
[Source "ChessBase"]
[SourceDate "2023.05.31"]
[SourceVersion "1"]
[SourceVersionDate "2023.05.31"]
[SourceQuality "1"]
[WhiteTeam "Graz Schachfreunde"]
[BlackTeam "Gleisdorf"]
[WhiteTeamCountry "AUT"]
[BlackTeamCountry "AUT"]

1. d4 f5 2. Nf3 Nf6 3. g3 g6 4. Bg2 Bg7 5. 0-0 0-0 6. c4 d6 7. Nc3 Nc6 8. d5 Ne5 9. Nxe5 dxe5 10. Qb3 h6 11. Rd1 g5 12. a4 Kh8 13. a5 a6 14. Be3 Nd7 15. Qc2 Qe8 16. b4 e4 17. Bd4 Ne5 18. c5 Bd7 19. Rac1 Qf7 20. Qb2 Bf6 21. Nxe4 fxe4 22. Bxe5 Bf5 23. d6 exd6 24. cxd6 c6 25. d7 Rad8 26. Rd6 Bxe5 27. Qxe5+ Kg8 28. Rxh6 Bh7 29. Qxg5+ 1-0

[Event "Graz op-A"]
[Site "Graz"]
[Date "2022.09.06"]
[Round "4"]
[White "Wendl, Philipp"]
[Black "Zoernpfenning, Siegfried"]
[Result "1/2-1/2"]
[WhiteElo "2201"]
[BlackElo "2117"]
[PlyCount "72"]
[EventDate "2022.09.03"]
[EventType "swiss"]
[EventRounds "9"]
[EventCountry "AUT"]
[SourceTitle "EXT 2023"]
[Source "ChessBase"]
[SourceDate "2022.10.05"]
[SourceVersion "1"]
[SourceVersionDate "2022.10.05"]
[SourceQuality "1"]

1. c4 Nf6 2. Nf3 c5 3. Nc3 Nc6 4. g3 g6 5. Bg2 Bg7 6. d4 d6 7. 0-0 0-0 8. d5 Na5 9. Nd2 a6 10. Rb1 Bd7 11. Qc2 b5 12. b3 b4 13. Nce4 Nb7 14. Bb2 Nxe4 15. Bxe4 a5 16. Bxg7 Kxg7 17. Qb2+ Kg8 18. Rbe1 a4 19. f4 Qa5 20. Bb1 axb3 21. axb3 Qa1 22. Qxa1 Rxa1 23. e4 f6 24. Re3 Nd8 25. Rfe1 Nf7 26. Kg2 Ra3 27. Kf3 Nh6 28. Kg2 Nf7 29. h3 Re8 30. Nf3 e6 31. dxe6 Rxe6 32. h4 Kg7 33. Kf2 Nh6 34. Nh2 Nf7 35. Nf3 Nh6 36. Nh2 Nf7 1/2-1/2

[Event "AUT-ch U16"]
[Site "St Veit"]
[Date "2022.04.12"]
[Round "5"]
[White "Wendl, Philipp"]
[Black "Gschiel, Alexander"]
[Result "1-0"]
[WhiteElo "1995"]
[BlackElo "2186"]
[PlyCount "69"]
[EventDate "2022.04.10"]
[EventType "swiss"]
[EventRounds "7"]
[EventCountry "AUT"]
[SourceTitle "EXT 2023"]
[Source "ChessBase"]
[SourceDate "2022.10.05"]
[SourceVersion "1"]
[SourceVersionDate "2022.10.05"]
[SourceQuality "1"]

1. e4 c5 2. Nf3 d6 3. Bb5+ Bd7 4. Bxd7+ Qxd7 5. c4 g6 6. d4 cxd4 7. Nxd4 Bg7 8. Be3 Nc6 9. Nc3 Ne5 10. b3 Ng4 11. Bg5 h6 12. Bc1 Qd8 13. 0-0 Qa5 14. Bb2 Nxh2 15. Kxh2 Qe5+ 16. f4 Qxd4 17. Qe2 Qf6 18. e5 Qh4+ 19. Kg1 h5 20. Rad1 Nh6 21. exd6 0-0 22. Qxe7 Bf6 23. Qe1 Qg4 24. Qf2 Bh4 25. Qf3 Qd7 26. Ne4 Ng4 27. g3 Bd8 28. Rfe1 Rc8 29. Re2 f5 30. Ng5 Bxg5 31. fxg5 Rfe8 32. Qd5+ Kh7 33. Rde1 Rxe2 34. Rxe2 Re8 35. Qd4 1-0

[Event "AUT-ch U16"]
[Site "St Veit"]
[Date "2022.04.10"]
[Round "1"]
[White "Weixler, Moritz"]
[Black "Wendl, Philipp"]
[Result "0-1"]
[WhiteElo "1242"]
[BlackElo "1995"]
[PlyCount "34"]
[EventDate "2022.04.10"]
[EventType "swiss"]
[EventRounds "7"]
[EventCountry "AUT"]
[SourceTitle "EXT 2023"]
[Source "ChessBase"]
[SourceDate "2022.10.05"]
[SourceVersion "1"]
[SourceVersionDate "2022.10.05"]
[SourceQuality "1"]

1. e4 e5 2. Nc3 Nc6 3. Bc4 Bc5 4. Qg4 g6 5. Qf3 Nf6 6. Nge2 0-0 7. d3 Kg7 8. g4 Nxg4 9. Qxg4 d5 10. Qg3 dxc4 11. dxc4 f5 12. f4 Nb4 13. Kf1 Nxc2 14. Rb1 fxe4 15. Nxe4 Qd1+ 16. Kg2 Qxe2+ 17. Nf2 Bxf2 0-1

[Event "Steyr Landesliga 2122"]
[Site "Austria"]
[Date "2021.11.13"]
[Round "2.6"]
[White "Wendl, Philipp"]
[Black "Riedner, Martin"]
[Result "1-0"]
[WhiteElo "1918"]
[BlackElo "2042"]
[PlyCount "101"]
[EventDate "2021.10.16"]
[EventType "team-tourn"]
[EventRounds "11"]
[EventCountry "AUT"]
[SourceTitle "EXT 2023"]
[Source "ChessBase"]
[SourceDate "2022.10.05"]
[SourceVersion "1"]
[SourceVersionDate "2022.10.05"]
[SourceQuality "1"]
[WhiteTeam "Graz Schachfreunde"]
[BlackTeam "Gamlitz"]
[WhiteTeamCountry "AUT"]
[BlackTeamCountry "AUT"]

1. e4 e6 2. d4 d5 3. Nc3 Nf6 4. e5 Nfd7 5. f4 c5 6. Nf3 Nc6 7. Be3 a6 8. Qd2 b6 9. Be2 Be7 10. 0-0 Qc7 11. Bf2 Bb7 12. Rfc1 0-0 13. Nd1 cxd4 14. Nxd4 Nc5 15. Bf3 Rfd8 16. c3 Rac8 17. Ne3 Qb8 18. Nec2 Na5 19. Qe2 Na4 20. Nb3 Nc4 21. Rab1 Ncxb2 22. Ncd4 Nc4 23. f5 Qxe5 24. fxe6 Qxe2 25. Bxe2 Na3 26. exf7+ Kxf7 27. Ra1 Rxc3 28. Rf1 Kg8 29. Rae1 Bf6 30. Ne6 Re8 31. Bh5 g6 32. Bg4 Rc4 33. Nbd4 Nc2 34. Nxc2 Rxg4 35. Ne3 Re4 36. Nc7 R8e5 37. Nexd5 Bxd5 38. Nxd5 Bd8 39. Rd1 Re8 40. Bd4 Nc5 41. Bf6 Bxf6 42. Nxf6+ Kg7 43. Nxe8+ Rxe8 44. Rfe1 Rxe1+ 45. Rxe1 Kf6 46. Re8 h5 47. Kf2 Kf7 48. Rb8 Nd7 49. Rb7 Ke6 50. Ke3 Kd6 51. Kf4 1-0

[Event "AUT-ch U14"]
[Site "St Veit"]
[Date "2021.10.29"]
[Round "7.3"]
[White "Kuti, Oliver"]
[Black "Wendl, Philipp"]
[Result "1/2-1/2"]
[WhiteElo "1987"]
[BlackElo "1946"]
[PlyCount "103"]
[EventDate "2021.10.25"]
[EventType "swiss"]
[EventRounds "7"]
[EventCountry "AUT"]
[SourceTitle "EXT 2023"]
[Source "ChessBase"]
[SourceDate "2022.10.05"]
[SourceVersion "1"]
[SourceVersionDate "2022.10.05"]
[SourceQuality "1"]

1. e4 c5 2. Nf3 e6 3. d4 cxd4 4. Nxd4 Nf6 5. Nc3 Nc6 6. Ndb5 d6 7. Bf4 e5 8. Bg5 a6 9. Na3 b5 10. Bxf6 gxf6 11. Nd5 f5 12. Bd3 Be6 13. c3 Bg7 14. Nxb5 Bxd5 15. exd5 Ne7 16. Na3 0-0 17. 0-0 Qc7 18. Nc2 Qc5 19. Ne3 e4 20. Be2 Rab8 21. Nc4 Rfd8 22. Rb1 Nxd5 23. a4 Nf4 24. Ne3 a5 25. Bb5 Rb7 26. g3 Ng6 27. Nd5 Ne7 28. c4 Nxd5 29. Qxd5 Qxd5 30. cxd5 Rc7 31. b4 axb4 32. Rxb4 Rb8 33. Rfb1 Ra7 34. Bc6 Rxb4 35. Rxb4 Bc3 36. Rb5 Kg7 37. Rb3 Bd4 38. Kf1 Kf6 39. Ke2 Bc5 40. Rb8 Ra6 41. Rh8 Rb6 42. Bb5 Kg7 43. Re8 Kf6 44. h3 Rb7 45. f3 Re7 46. Rxe7 Kxe7 47. g4 Kf6 48. gxf5 Ke5 49. fxe4 Kxe4 50. f6 Kxd5 51. Bd3 h6 52. Kf3 1/2-1/2

[Event "AUT-ch U14"]
[Site "St Veit"]
[Date "2021.10.27"]
[Round "4.1"]
[White "Borrmann, Laurenz"]
[Black "Wendl, Philipp"]
[Result "1-0"]
[WhiteElo "2136"]
[BlackElo "1946"]
[PlyCount "37"]
[EventDate "2021.10.25"]
[EventType "swiss"]
[EventRounds "7"]
[EventCountry "AUT"]
[SourceTitle "EXT 2023"]
[Source "ChessBase"]
[SourceDate "2022.10.05"]
[SourceVersion "1"]
[SourceVersionDate "2022.10.05"]
[SourceQuality "1"]

1. e4 e5 2. Nf3 Nc6 3. Bc4 Bc5 4. d3 Nf6 5. a4 0-0 6. 0-0 a6 7. h3 d5 8. exd5 Nxd5 9. Nbd2 Ba7 10. Ne4 h6 11. Bxh6 Be6 12. Bd2 f6 13. Be3 Bxe3 14. fxe3 Qe7 15. Qe2 Rad8 16. Nh4 Bf7 17. Nf5 Qd7 18. Nc5 Qc8 19. Qg4 1-0

[Event "AUT-ch U14"]
[Site "St Veit"]
[Date "2021.10.25"]
[Round "2.3"]
[White "Nguyen, Le Minh Phu"]
[Black "Wendl, Philipp"]
[Result "0-1"]
[WhiteElo "2137"]
[BlackElo "1946"]
[PlyCount "130"]
[EventDate "2021.10.25"]
[EventType "swiss"]
[EventRounds "7"]
[EventCountry "AUT"]
[SourceTitle "EXT 2023"]
[Source "ChessBase"]
[SourceDate "2022.10.05"]
[SourceVersion "1"]
[SourceVersionDate "2022.10.05"]
[SourceQuality "1"]

1. d4 Nf6 2. c4 e6 3. Nc3 Bb4 4. e3 0-0 5. Nge2 c6 6. a3 Ba5 7. b4 Bc7 8. Bb2 d5 9. Ng3 Nbd7 10. cxd5 cxd5 11. Bd3 a5 12. 0-0 e5 13. Nb5 Bb8 14. Qc2 e4 15. Be2 Nb6 16. bxa5 Rxa5 17. Bc3 Ra8 18. Bb4 Re8 19. Rfc1 Bd7 20. a4 g6 21. a5 Bxb5 22. Bxb5 Nbd7 23. Qc3 Kg7 24. Rc2 h5 25. Rac1 Rh8 26. h3 h4 27. Ne2 g5 28. Kf1 Bh2 29. Qb3 Nf8 30. Nc3 Ne6 31. Na4 Bc7 32. Qa3 Bxa5 33. Be7 Qb8 34. Qb3 Qh2 35. Bxf6+ Kxf6 36. Qxd5 Qh1+ 37. Ke2 Qxg2 38. Nc3 Qf3+ 39. Ke1 Rhc8 40. Be2 Qf5 41. Qxf5+ Kxf5 42. Bg4+ Kg6 43. Bxe6 fxe6 44. Kf1 Bxc3 45. Rxc3 Rxc3 46. Rxc3 b5 47. Rc6 Rb8 48. Rxe6+ Kf7 49. Rc6 b4 50. Rc2 b3 51. Rb2 Ke6 52. Ke2 Kd5 53. f3 exf3+ 54. Kxf3 Kc4 55. Rb1 b2 56. Ke4 Kc3 57. d5 Kc2 58. Rxb2+ Rxb2 59. Kf5 Kd3 60. e4 g4 61. d6 gxh3 62. d7 Rb8 63. e5 h2 64. e6 h1Q 65. e7 Qd5+ 0-1

[Event "EU Union-ch U14 18th"]
[Site "Mureck"]
[Date "2021.08.10"]
[Round "7"]
[White "Kozlovic, Jernej"]
[Black "Wendl, Philipp"]
[Result "1/2-1/2"]
[WhiteElo "1931"]
[BlackElo "1956"]
[PlyCount "80"]
[EventDate "2021.08.04"]
[EventType "swiss"]
[EventRounds "9"]
[EventCountry "AUT"]
[SourceTitle "EXT 2022"]
[Source "ChessBase"]
[SourceDate "2021.10.06"]
[SourceVersion "1"]
[SourceVersionDate "2021.10.06"]
[SourceQuality "1"]

1. d4 Nf6 2. Nf3 d5 3. Bf4 c5 4. e3 Nc6 5. c3 Qb6 6. Qc2 g6 7. Nbd2 Bg7 8. Be2 0-0 9. h3 Bf5 10. Qb3 c4 11. Qxb6 axb6 12. 0-0 b5 13. a3 h5 14. Rfe1 Rfe8 15. Ne5 Nxe5 16. Bxe5 Nd7 17. Bxg7 Kxg7 18. Bf3 Nf6 19. e4 dxe4 20. Nxe4 Bxe4 21. Bxe4 Ra7 22. Rad1 e6 23. Bf3 Nd7 24. d5 Nc5 25. dxe6 Nd3 26. Re2 Rxe6 27. Rxe6 fxe6 28. Rd2 Kf6 29. Be4 Nc5 30. Bc2 Ra6 31. Kf1 e5 32. Rd5 Rc6 33. f3 h4 34. Ke2 g5 35. Ke3 b6 36. Be4 Re6 37. Bb1 Re8 38. Rd6+ Re6 39. Rd5 Re8 40. Bc2 Ke6 1/2-1/2

[Event "EU Union-ch U14 18th"]
[Site "Mureck"]
[Date "2021.08.09"]
[Round "6"]
[White "Wendl, Philipp"]
[Black "Pallum, Rasmus"]
[Result "1-0"]
[WhiteElo "1956"]
[BlackElo "1339"]
[PlyCount "47"]
[EventDate "2021.08.04"]
[EventType "swiss"]
[EventRounds "9"]
[EventCountry "AUT"]
[SourceTitle "EXT 2022"]
[Source "ChessBase"]
[SourceDate "2021.10.06"]
[SourceVersion "1"]
[SourceVersionDate "2021.10.06"]
[SourceQuality "1"]

1. e4 c5 2. Nf3 Nc6 3. d4 cxd4 4. Nxd4 Nf6 5. Nc3 e5 6. Ndb5 d6 7. Bg5 a6 8. Bxf6 gxf6 9. Na3 b5 10. Nd5 Bg7 11. Bd3 0-0 12. 0-0 Be6 13. c4 b4 14. Nc2 a5 15. Qh5 Ne7 16. Nxe7+ Qxe7 17. Ne3 Qd7 18. Rae1 Qa4 19. f4 exf4 20. Rxf4 Qxa2 21. e5 Rfe8 22. exf6 Qxb2 23. Qxh7+ Kf8 24. Qxg7# 1-0

[Event "EU Union-ch U14 18th"]
[Site "Mureck"]
[Date "2021.08.06"]
[Round "3"]
[White "Rotunno, Flavio"]
[Black "Wendl, Philipp"]
[Result "1/2-1/2"]
[WhiteElo "1760"]
[BlackElo "1956"]
[PlyCount "62"]
[EventDate "2021.08.04"]
[EventType "swiss"]
[EventRounds "9"]
[EventCountry "AUT"]
[SourceTitle "EXT 2022"]
[Source "ChessBase"]
[SourceDate "2021.10.06"]
[SourceVersion "1"]
[SourceVersionDate "2021.10.06"]
[SourceQuality "1"]

1. d4 Nf6 2. Bf4 d5 3. e3 c5 4. c3 Nc6 5. Nf3 e6 6. Nbd2 Bd6 7. Bg3 0-0 8. Bd3 b6 9. Ne5 Bb7 10. f4 Ne7 11. Qf3 Ne8 12. Qh5 f5 13. Qe2 Nf6 14. Bh4 Ne4 15. Bb5 Bxe5 16. fxe5 a6 17. Bd3 Qd7 18. Bxe7 Qxe7 19. 0-0 Bc6 20. a4 a5 21. Nxe4 fxe4 22. Bb5 Bxb5 23. Qxb5 Qc7 24. Rxf8+ Rxf8 25. Rf1 cxd4 26. Rxf8+ Kxf8 27. cxd4 Qc1+ 28. Qf1+ Qxf1+ 29. Kxf1 Kf7 30. Kf2 g5 31. g4 h6 1/2-1/2

[Event "AUT-chT2M 2021"]
[Site "Graz"]
[Date "2021.03.13"]
[Round "3.3"]
[White "Wendl, Philipp"]
[Black "Hafner, Robert"]
[Result "1-0"]
[WhiteElo "1942"]
[BlackElo "2006"]
[PlyCount "73"]
[EventDate "2021.03.12"]
[EventType "team-tourn"]
[EventRounds "5"]
[EventCountry "AUT"]
[SourceTitle "CBM 201 Extra"]
[Source "ChessBase"]
[SourceDate "2021.05.31"]
[SourceVersion "1"]
[SourceVersionDate "2021.05.31"]
[SourceQuality "1"]
[WhiteTeam "Graz Schachfreunde"]
[BlackTeam "Villach Admira"]
[WhiteTeamCountry "AUT"]
[BlackTeamCountry "AUT"]

1. e4 c6 2. Nc3 d5 3. Nf3 Bg4 4. h3 Bxf3 5. Qxf3 e6 6. d3 Nf6 7. a3 Be7 8. g3 0-0 9. Bg2 Nbd7 10. 0-0 Ne8 11. Qe2 Nd6 12. f4 a5 13. Bd2 b5 14. f5 b4 15. Na4 Nb6 16. Nxb6 Qxb6+ 17. Be3 d4 18. Bd2 exf5 19. exf5 Bf6 20. g4 h6 21. Qf2 Be5 22. Qf3 Rac8 23. axb4 axb4 24. Ra4 c5 25. Qd5 Bf6 26. Rfa1 Rfd8 27. Ra6 Qb8 28. Bf4 Be7 29. f6 gxf6 30. Qh5 Bf8 31. Ra7 Kh8 32. Be4 Rc7 33. Ra8 Qxa8 34. Rxa8 Rxa8 35. Bxa8 Ra7 36. Bxd6 Rxa8 37. Bxf8 1-0

[Event "AUT-ch U14 Online Rapid"]
[Site "Playchess.com INT"]
[Date "2020.12.13"]
[Round "3"]
[White "Wendl, Philipp"]
[Black "Karner, Daniel"]
[Result "0-1"]
[WhiteElo "1893"]
[BlackElo "1790"]
[PlyCount "54"]
[EventDate "2020.12.13"]
[EventType "swiss (rapid)"]
[EventRounds "7"]
[EventCountry "AUT"]
[SourceTitle "EXT 2022"]
[Source "ChessBase"]
[SourceDate "2021.10.06"]
[SourceVersion "1"]
[SourceVersionDate "2021.10.06"]
[SourceQuality "1"]

1. e4 e5 2. Nf3 Nf6 3. Nxe5 d6 4. Nf3 Nxe4 5. Nc3 Nxc3 6. dxc3 Be7 7. Bd3 Be6 8. Be3 Nc6 9. Qd2 Qd7 10. 0-0-0 a6 11. Nd4 Nxd4 12. Bxd4 0-0-0 13. Bxg7 Rhg8 14. Bd4 Rxg2 15. Be4 Bg5 16. Be3 Bxe3 17. Qxe3 Rg7 18. Qa7 c6 19. Qd4 Rg4 20. f3 Rh4 21. Qf6 Rh3 22. Rdg1 d5 23. Bd3 Qd6 24. f4 Rf3 25. Rf1 Rxf1+ 26. Rxf1 Bh3 27. Re1 Qxf6 0-1